İki gözüm, aziz kardeşim, efendim : İmparatorluk'tan Cumhuriyet'e edebiyatçı mektupları /

Saved in:
நூற்பட்டியல் விவரங்கள்
மற்ற எழுத்தாளர்கள்: Esen, Nüket, 1949-
வடிவம்: மின்புத்தகம்
மொழி:Turkish
வெளியீடப்பட்டது: İstanbul : YKY [Yapı Kredi Yayınları], 1995.
பதிப்பு:1. baskı.
தொகுதி:Edebiyat ; 90
பகுதிகள்:
குறியீடுகள்: குறிச்சொல் இணை
குறியீடுகள் இல்லை, இந்த குறிச்சொல்லை முதலில் பதிவு செய்யுங்கள்!
LEADER 01401nam a22003251a 4500
001 MIU01-003046292
003 MiU
005 20060814133036.0
006 m d |||||
007 cr bn ---auaua
008 960508s1995 tu c 000 0ctur d
020 |a 9753633289 
035 |a (RLIN)MIUG96-B1556 
035 |a (OCoLC)ocm32867579 
038 |a MiU 
040 |a MiU  |c MiU 
043 |a a-tu--- 
245 0 0 |a İki gözüm, aziz kardeşim, efendim :  |b İmparatorluk'tan Cumhuriyet'e edebiyatçı mektupları /  |c hazırlayan: Nüket Esen 
246 3 0 |a Edebiyatçı mektupları 
250 |a 1. baskı. 
260 |a İstanbul :  |b YKY [Yapı Kredi Yayınları],  |c 1995. 
300 |a 143 p. :  |b ports. ;  |c 20 cm. 
490 0 |a Edebiyat ;  |v 90 
504 |a Includes bibliographical references (p. 141-143). 
538 |a Mode of access: Internet. 
588 |a This bibliographic record is available under the Creative Commons CC0 public domain dedication. The University of Michigan Libraries, as creator of this bibliographic record, has waived all rights to it worldwide under copyright law, including all related and neighboring rights, to the extent allowed by law. 
650 0 |a Authors, Turkish  |y 20th century  |x Correspondence. 
600 1 0 |a Devrim, İzzet Melih,  |d 1887-1966  |x Correspondence. 
600 1 0 |a Devrim, İzzet Melih,  |d 1887-1966  |x Friends and associates. 
700 1 |a Esen, Nüket,  |d 1949-